Jurisprudence on regional and international tribunals digest. (Record no. 11279)
[ view plain ]
| 000 -LEADER | |
|---|---|
| fixed length control field | 02009nam a22004332 4500 |
| 001 - CONTROL NUMBER | |
| control field | 0000019777 |
| 005 - DATE AND TIME OF LATEST TRANSACTION | |
| control field | 20151217154435.0 |
| 008 - FIXED-LENGTH DATA ELEMENTS--GENERAL INFORMATION | |
| fixed length control field | 110208s xx 000 0 eng d |
| 020 ## - INTERNATIONAL STANDARD BOOK NUMBER | |
| International Standard Book Number | 9966712194 : |
| 040 ## - CATALOGING SOURCE | |
| Original cataloging agency | KABU |
| Transcribing agency | KABU |
| 245 10 - TITLE STATEMENT | |
| Title | Jurisprudence on regional and international tribunals digest. |
| 250 ## - EDITION STATEMENT | |
| Edition statement | 1st ed. |
| 260 ## - PUBLICATION, DISTRIBUTION, ETC. (IMPRINT) | |
| Place of publication, distribution, etc. | Nairobi, Kenya : |
| Name of publisher, distributor, etc. | LawAfrica, |
| Date of publication, distribution, etc. | 2007. |
| 300 ## - PHYSICAL DESCRIPTION | |
| Extent | vi, 368 p. |
| 650 #0 - SUBJECT ADDED ENTRY--TOPICAL TERM | |
| Topical term or geographic name as entry element | East Africa community |
| General subdivision | Cases. |
| -- | 0000179726 |
| 650 #0 - SUBJECT ADDED ENTRY--TOPICAL TERM | |
| Topical term or geographic name as entry element | Constitutional law-Africa, Eastern |
| General subdivision | Cases. |
| -- | 0000179727 |
| 852 1# - LOCATION | |
| -- | p1000 KES |
| 852 1# - LOCATION | |
| -- | p1000 KES |
| 852 1# - LOCATION | |
| -- | p1000 KES |
| 852 1# - LOCATION | |
| -- | p1000 KES |
| 852 1# - LOCATION | |
| -- | p1000 KES |
| 852 1# - LOCATION | |
| -- | p1000 KES |
| 852 1# - LOCATION | |
| -- | p1000 KES |
| 852 1# - LOCATION | |
| -- | p1000 KES |
| 852 1# - LOCATION | |
| -- | p1000 KES |
| 852 1# - LOCATION | |
| -- | p1000 KES |
| 852 1# - LOCATION | |
| -- | p1000 KES |
| 852 1# - LOCATION | |
| -- | p1000 KES |
| 852 1# - LOCATION | |
| -- | p1000 KES |
| 852 1# - LOCATION | |
| -- | p1000 KES |
| 852 1# - LOCATION | |
| -- | p1000 KES |
| 852 1# - LOCATION | |
| -- | p1000 KES |
| 852 1# - LOCATION | |
| -- | p1000 KES |
| 852 1# - LOCATION | |
| -- | p1000 KES |
| 852 1# - LOCATION | |
| -- | p1000 KES |
| 852 1# - LOCATION | |
| -- | p1000 KES |
| 908 ## - PUT COMMAND PARAMETER (RLIN) | |
| Put command parameter | 110208 |
| 950 ## - LOCAL HOLDINGS (RLIN) | |
| -- | 1 |
| Withdrawn status | Lost status | Source of classification or shelving scheme | Not for loan | Home library | Current library | Date acquired | Total Checkouts | Full call number | Barcode | Date last seen | Date last checked out | Price effective from | Koha item type | Total Renewals |
|---|---|---|---|---|---|---|---|---|---|---|---|---|---|---|
| Library of Congress Classification | Kabarak, Main Campus | Kabarak, Main Campus | 17/12/2015 | 4 | KQC524 .J87 2007 c.2 | 19651 | 03/10/2022 | 14/09/2022 | 17/12/2015 | General Collection | ||||
| Library of Congress Classification | Kabarak, Main Campus | Kabarak, Main Campus | 17/12/2015 | KQC524 .J87 2007 c.15 | 018950 | 17/12/2015 | 17/12/2015 | General Collection | ||||||
| Library of Congress Classification | Kabarak, Main Campus | Kabarak, Main Campus | 17/12/2015 | 1 | KQC524 .J87 2007 c.23 | 018947 | 02/02/2024 | 21/01/2024 | 17/12/2015 | General Collection | ||||
| Library of Congress Classification | Kabarak, Main Campus | Kabarak, Main Campus | 17/12/2015 | 1 | KQC524 .J87 2007 c.14 | 018944 | 11/11/2021 | 28/10/2021 | 17/12/2015 | General Collection | ||||
| Library of Congress Classification | Kabarak, Main Campus | Kabarak, Main Campus | 17/12/2015 | KQC524 .J87 2007 c.22 | 018939 | 17/12/2015 | 17/12/2015 | General Collection | ||||||
| Library of Congress Classification | Kabarak, Main Campus | Kabarak, Main Campus | 17/12/2015 | KQC524 .J87 2007 c.21 | 018952 | 17/12/2015 | 17/12/2015 | General Collection | ||||||
| Library of Congress Classification | Kabarak, Main Campus | Kabarak, Main Campus | 17/12/2015 | KQC524 .J87 2007 c.19 | 018954 | 17/12/2015 | 17/12/2015 | General Collection | ||||||
| Library of Congress Classification | Kabarak, Main Campus | Kabarak, Main Campus | 17/12/2015 | KQC524 .J87 2007 c.20 | 018942 | 17/12/2015 | 17/12/2015 | General Collection | ||||||
| Library of Congress Classification | Kabarak, Main Campus | Kabarak, Main Campus | 17/12/2015 | 2 | KQC524 .J87 2007 c.18 | 018943 | 08/04/2024 | 06/03/2024 | 17/12/2015 | General Collection | 2 | |||
| Library of Congress Classification | Kabarak, Main Campus | Kabarak, Main Campus | 17/12/2015 | 1 | KQC524 .J87 2007 c.17 | 018957 | 17/09/2022 | 14/09/2022 | 17/12/2015 | General Collection | ||||
| Library of Congress Classification | Kabarak, Main Campus | Kabarak, Main Campus | 17/12/2015 | 1 | KQC524 .J87 2007 c. 16 | 018938 | 09/09/2021 | 16/08/2021 | 17/12/2015 | General Collection | ||||
| Library of Congress Classification | Kabarak, Main Campus | Kabarak, Main Campus | 17/12/2015 | 1 | KQC524 .J87 2007 c. 13 | 018940 | 21/09/2022 | 14/09/2022 | 17/12/2015 | General Collection | ||||
| Library of Congress Classification | Kabarak, Main Campus | Kabarak, Main Campus | 17/12/2015 | KQC524 .J87 2007 c. 11 | 018956 | 17/12/2015 | 17/12/2015 | General Collection | ||||||
| Library of Congress Classification | Kabarak, Main Campus | Kabarak, Main Campus | 17/12/2015 | KQC524 .J87 2007 c. 10 | 018946 | 17/12/2015 | 17/12/2015 | General Collection | ||||||
| Library of Congress Classification | Kabarak, Main Campus | Kabarak, Main Campus | 17/12/2015 | KQC524 .J87 2007 c. 9 | 018955 | 17/12/2015 | 17/12/2015 | General Collection | ||||||
| Library of Congress Classification | Kabarak, Main Campus | Kabarak, Main Campus | 17/12/2015 | KQC524 .J87 2007 c. 8 | 018953 | 17/12/2015 | 17/12/2015 | General Collection | ||||||
| Library of Congress Classification | Kabarak, Main Campus | Kabarak, Main Campus | 17/12/2015 | KQC524 .J87 2007 c. 7 | 018941 | 17/12/2015 | 17/12/2015 | General Collection | ||||||
| Library of Congress Classification | Kabarak, Main Campus | Kabarak, Main Campus | 17/12/2015 | KQC524 .J87 2007 c. 6 | 018949 | 17/12/2015 | 17/12/2015 | General Collection | ||||||
| Library of Congress Classification | Kabarak, Main Campus | Kabarak, Main Campus | 17/12/2015 | 3 | KQC524 .J87 2007 c. 5 | 018948 | 06/03/2021 | 18/02/2021 | 17/12/2015 | General Collection | ||||
| Library of Congress Classification | Kabarak, Main Campus | Kabarak, Main Campus | 17/12/2015 | 1 | KQC524 .J87 2007 c. 4 | 018951 | 19/08/2024 | 17/07/2024 | 17/12/2015 | General Collection | 1 | |||
| Library of Congress Classification | Kabarak, Main Campus | Kabarak, Main Campus | 17/12/2015 | KQC524 .J87 2007 c. 12 | 018945 | 17/12/2015 | 17/12/2015 | General Collection | ||||||
| Library of Congress Classification | Kabarak, Main Campus | Kabarak, Main Campus | 17/12/2015 | 2 | KQC524 .J87 2007 c.3 | 19693 | 29/10/2018 | 29/10/2018 | 17/12/2015 | General Collection | 1 | |||
| Library of Congress Classification | Kabarak, Main Campus | Kabarak, Main Campus | 17/12/2015 | KQC524 .J87 2007 c.1 | 22662 | 13/08/2018 | 17/12/2015 | Africana Collection |